Normal view
MARC view
- Vargas Muñoz, Eugenio
Entry Nombre Personal
001 - NUMERO DE CONTROL
- campo de control: 48753
003 - IDENTIFICADOR DE NUMERO DE CONTROL
- campo de control: UPN
005 - FECHA Y HORA DE LA ÜLTIMA TRANSACCIÓN
- campo de control: 20230516124610.0
008 - DATOS DE LONGITUD FIJA
- campo de control de longitud fija: 230427|| aca||aabn | a|a d
040 ## - FUENTE DE CATALOGACIÓN
- Agencia original de catalogación: MX-MxUPNUPN
- Lenguaje de catalogación: spa
- Agencia que lo modifica: MX-MxUPN
100 1# - ENCABEZAMIENTO - NOMBRE PERSONAL
- Nombre personal: Vargas Muñoz, Eugenio
400 1# - VEÁSE - NOMBRE DE PERSONA
- Personal name: Muñoz, Eugenio Vargas
670 ## - FUENTE EN LA QUE SE LOCALIZARON DATOS
- Cita de la fuente: En la obra: Desmenuza las palabras, dicen los ancianos, 2010:
- Información localizada: página 7 (Eugenio Vargas Muñoz)
902 ## - CATALOGADOR
- Catalogador: NDAF/160523
